Theoretical basis of inorganic chemistry (Record no. 23647)

MARC details
000 -LEADER
fixed length control field 00324nam a2200121Ia 4500
082 ## - DEWEY DECIMAL CLASSIFICATION NUMBER
Classification number 546
Item number BAR
100 ## - MAIN ENTRY--AUTHOR NAME
Personal name Barnard, A K
245 #0 - TITLE STATEMENT
Title Theoretical basis of inorganic chemistry
260 ## - PUBLICATION, DISTRIBUTION, ETC. (IMPRINT)
Place of publication New Delhi
Name of publisher Tata McGraw Hill
Year of publication 1965
650 ## - SUBJECT ADDED ENTRY--TOPICAL TERM
Topical Term Inorganic chemistry
942 ## - ADDED ENTRY ELEMENTS (KOHA)
Koha item type Books
Holdings
Withdrawn status Lost status Damaged status Not for loan Home library Current library Date acquired Cost, normal purchase price Full call number Accession Number Koha item type
        RRII Library RRII Library 16/12/2021 22.50 546 BAR 04345 Books